| 000 | 01484cam a2200385 a 4500 | ||
|---|---|---|---|
| 001 | 14765100 | ||
| 003 | OSt | ||
| 005 | 20180116183015.0 | ||
| 008 | 070312s2007 enk 001 0 eng | ||
| 010 | _a 2007008566 | ||
| 015 |
_aGBA714272 _2bnb |
||
| 016 | 7 |
_a013678147 _2Uk |
|
| 020 | _a9780749450137 | ||
| 020 | _a0749450134 | ||
| 035 | _a(OCoLC)ocm84996997 | ||
| 035 | _a(OCoLC)84996997 | ||
| 040 |
_aDLC _cDLC _dUKM _dBAKER _dBTCTA _dBWKUK _dYDXCP _dDLC |
||
| 050 | 0 | 0 |
_aHF5549.5.M63 _bE36 2007 |
| 082 | 0 | 0 |
_a658.3 EIG 2007 _222 |
| 100 | 1 | _aEigenhuis, Ap. | |
| 245 | 1 | 0 |
_aHigh performance business strategy : _binspiring success through effective human resource management / _cAp Eigenhuis, Rob van Dijk. |
| 260 |
_aLondon ; _aPhiladelphia : _bKogan Page, _cc2007. |
||
| 300 |
_a207 p. ; _c24 cm. |
||
| 500 | _aIncludes index. | ||
| 650 | 0 | _aEmployee motivation. | |
| 650 | 0 | _aPersonnel management. | |
| 650 | 0 | _aPerformance standards. | |
| 700 | 1 | _aDijk, Rob van. | |
| 856 | 4 | 1 |
_3Table of contents only _uhttp://www.loc.gov/catdir/toc/ecip0712/2007008566.html |
| 856 | 4 | 2 |
_3Publisher description _uhttp://www.loc.gov/catdir/enhancements/fy0715/2007008566-d.html |
| 856 | 4 | 2 |
_3Contributor biographical information _uhttp://www.loc.gov/catdir/enhancements/fy0835/2007008566-b.html |
| 906 |
_a7 _bcbc _corignew _d1 _eecip _f20 _gy-gencatlg |
||
| 942 |
_2ddc _cBK |
||
| 999 |
_c350374 _d350374 |
||